[Event "Divinsky mem."]
[Site "Winnipeg MAN"]
[Date "2019.04.30"]
[Round "5.8"]
[White "Trueman, Francis"]
[Black "Magyar, Peter"]
[Result "1-0"]
[WhiteElo "1433"]
[BlackElo "1518"]
[PlyCount "63"]
[EventDate "2019.04.02"]
[EventType "swiss"]
[EventRounds "4"]
[EventCountry "CAN"]

1. e4 e6 2. d3 c5 3. Nd2 Nc6 4. Ngf3 d6 5. g3 b6 6. Bg2 Bb7 7. O-O Be7 8. Re1
e5 9. Nf1 Nf6 10. a4 a5 11. h4 h6 12. h5 Qc7 13. Bh3 Bc8 14. Bg2 Bg4 15. Ne3
Bxh5 16. Bh3 Nd4 17. g4 Qd7 18. Nf5 Nxg4 19. N3xd4 cxd4 20. Nxg7+ Kd8 21. Nxh5
Qe8 22. Bxg4 Qg8 23. Kh1 Bg5 24. Rg1 Bxc1 25. Rxc1 Qg5 26. Qf3 Qh4+ 27. Bh3 Ke8
28. Rg4 Qd8 29. Qf6 Qxf6 30. Nxf6+ Ke7 31. Nd5+ Ke6 32. Nc7+ 1-0

[Event "Eastern Ontario op"]
[Site "Ottawa CAN"]
[Date "2019.06.14"]
[Round "1.1"]
[White "Xu, Daniel"]
[Black "Sambuev, Bator"]
[Result "0-1"]
[WhiteElo "2099"]
[BlackElo "2566"]
[PlyCount "88"]
[EventDate "2019.06.14"]
[EventType "swiss"]
[EventRounds "5"]
[EventCountry "CAN"]

1. d4 Nf6 2. c4 e6 3. Nc3 Bb4 4. e3 c5 5. Nge2 b6 6. a3 Ba5 7. Rb1 Na6 8. d5
O-O 9. g3 exd5 10. cxd5 b5 11. Bg2 b4 12. axb4 cxb4 13. Ne4 Nxe4 14. Bxe4 b3+
15. Bd2 Nc5 16. Bf3 Nd3+ 17. Kf1 Ne5 18. Bxa5 Qxa5 19. Nc3 d6 20. Kg2 Qb4 21.
Ra1 Bd7 22. Be2 Rfc8 23. Qd4 a5 24. Qxb4 axb4 25. Rxa8 Rxa8 26. Ne4 Ra2 27.
Nxd6 Rxb2 28. Nc4 Rxe2 29. Nxe5 Bb5 30. Rd1 b2 31. d6 Rd2 32. Rb1 Kf8 33. g4 f6
34. Nf3 Bc6 35. Kg3 Bxf3 36. Kxf3 Kf7 37. e4 Ke6 38. Ke3 Rc2 39. h4 Kxd6 40. g5
Kc5 41. f4 Kc4 42. gxf6 gxf6 43. e5 fxe5 44. fxe5 b3 0-1

[Event "Eastern Ontario op"]
[Site "Ottawa CAN"]
[Date "2019.06.14"]
[Round "1.3"]
[White "Ning, Alwin"]
[Black "Demchenko, Svitlana"]
[Result "1-0"]
[WhiteElo "2005"]
[BlackElo "2318"]
[PlyCount "55"]
[EventDate "2019.06.14"]
[EventType "swiss"]
[EventRounds "5"]
[EventCountry "CAN"]

1. e4 c5 2. Nf3 e6 3. d4 cxd4 4. Nxd4 a6 5. c4 Nf6 6. Nc3 Qc7 7. Be2 Bb4 8. f3
Nc6 9. Be3 Bd6 10. g3 h5 11. Qd2 O-O 12. a3 Be7 13. f4 Ng4 14. Bxg4 hxg4 15. h3
Na5 16. hxg4 Nxc4 17. Qh2 f6 18. Qh7+ Kf7 19. Qh5+ g6 20. Qh7+ Ke8 21. Qxg6+
Kd8 22. Rd1 d6 23. Bc1 Nxa3 24. f5 e5 25. Nd5 Nc2+ 26. Kf2 Qc5 27. Qg7 Re8 28.
Rh8 1-0

[Event "Eastern Ontario op"]
[Site "Ottawa CAN"]
[Date "2019.06.14"]
[Round "1.4"]
[White "Gordon, David"]
[Black "Kuttner, Simon"]
[Result "1/2-1/2"]
[WhiteElo "2313"]
[BlackElo "1992"]
[PlyCount "99"]
[EventDate "2019.06.14"]
[EventType "swiss"]
[EventRounds "5"]
[EventCountry "CAN"]

1. d4 d5 2. c4 e6 3. Nc3 Nf6 4. Bg5 Be7 5. e3 O-O 6. Nf3 h6 7. Bxf6 Bxf6 8.
cxd5 exd5 9. Bd3 Re8 10. O-O c6 11. b4 a5 12. a3 b6 13. Qb3 Bg4 14. Nd2 Be6 15.
Na4 Nd7 16. Rac1 b5 17. Nc5 a4 18. Qc2 Nxc5 19. Qxc5 Rc8 20. Qc2 Qd6 21. Bh7+
Kh8 22. Bf5 Kg8 23. Rfd1 Qd7 24. Bxe6 Qxe6 25. Nf3 g5 26. Ne1 Be7 27. Nd3 Bd6
28. Re1 Qg6 29. Nc5 Qh5 30. g3 Bxc5 31. Qxc5 Re6 32. Qc2 Qf3 33. Qe2 Qxe2 34.
Rxe2 Rd8 35. Rec2 Rdd6 36. g4 Kf8 37. Kg2 Ke7 38. Kg3 Kd7 39. Rh1 Rg6 40. Rcc1
Rg7 41. h3 Rdg6 42. Rh2 Rh7 43. Rch1 Rhg7 44. f3 Re6 45. Kf2 Rg8 46. h4 Rge8
47. Re1 f6 48. Rhh1 R8e7 49. Re2 Re8 50. Ree1 1/2-1/2

[Event "Eastern Ontario op"]
[Site "Ottawa CAN"]
[Date "2019.06.14"]
[Round "1.5"]
[White "Han, Johnathan"]
[Black "Saha, Ananda"]
[Result "0-1"]
[WhiteElo "1991"]
[BlackElo "2260"]
[PlyCount "90"]
[EventDate "2019.06.14"]
[EventType "swiss"]
[EventRounds "5"]
[EventCountry "CAN"]

1. e4 c5 2. Nf3 d6 3. d4 cxd4 4. Nxd4 Nf6 5. Nc3 g6 6. Be3 a6 7. f3 b5 8. Qd2
Bb7 9. O-O-O Nbd7 10. g4 h6 11. Kb1 Rc8 12. h4 e5 13. Nb3 b4 14. Ne2 a5 15. h5
g5 16. Ng3 a4 17. Nc1 d5 18. exd5 a3 19. b3 Nxd5 20. Ne4 Nxe3 21. Qxe3 Qc7 22.
Bc4 Be7 23. Ne2 O-O 24. N2g3 Nb6 25. Bd3 Nd5 26. Qc1 Rfd8 27. Nf5 Bf8 28. Bc4
Qb6 29. Rh2 Nf4 30. Rhd2 Rxd2 31. Qxd2 Bxe4 32. fxe4 Ne6 33. Bxe6 fxe6 34. Ne3
Qc6 35. Qd3 Be7 36. Qd7 Qxd7 37. Rxd7 Bc5 38. Nc4 Rf8 39. Rd1 Bd4 40. Na5 Rf4
41. Re1 Rxg4 42. Nc6 Bc3 43. Rf1 Rxe4 44. Nd8 Rf4 45. Rg1 Rf6 0-1

[Event "Eastern Ontario op"]
[Site "Ottawa CAN"]
[Date "2019.06.14"]
[Round "1.7"]
[White "Desjardins, Michel"]
[Black "Yao, Houji"]
[Result "0-1"]
[WhiteElo "1867"]
[BlackElo "2231"]
[PlyCount "90"]
[EventDate "2019.06.14"]
[EventType "swiss"]
[EventRounds "5"]
[EventCountry "CAN"]

1. e4 c5 2. c3 Nf6 3. e5 Nd5 4. Nf3 e6 5. d4 cxd4 6. cxd4 Nc6 7. Bc4 d6 8. O-O
Be7 9. exd6 Qxd6 10. Re1 O-O 11. Nc3 a6 12. a3 Rd8 13. Nxd5 exd5 14. Be2 Bf5
15. Be3 Rac8 16. Qd2 Qg6 17. Rac1 Be4 18. Red1 Bf6 19. Ne1 Re8 20. Bf1 Bf5 21.
Nd3 Be7 22. b4 Bd6 23. Nc5 Rc7 24. Bf4 Rce7 25. Bxd6 Qxd6 26. Re1 Bc8 27. Rxe7
Rxe7 28. Qc3 Rc7 29. Qe3 Ne7 30. Bd3 h6 31. Re1 Kf8 32. Qf3 Nc6 33. Nb3 Be6 34.
Nc5 Bc8 35. Nb3 Be6 36. Nc5 Nd8 37. g3 Re7 38. Qd1 Nc6 39. Bb1 g6 40. Qd2 Kg7
41. Nb3 Rc7 42. Rc1 Bc8 43. Nc5 Qf6 44. Nb3 Bg4 45. Re1 Bh3 0-1

[Event "Eastern Ontario op"]
[Site "Ottawa CAN"]
[Date "2019.06.14"]
[Round "1.8"]
[White "Dunne, Francesco"]
[Black "Pace, Anthony"]
[Result "1-0"]
[WhiteElo "2205"]
[BlackElo "1941"]
[PlyCount "63"]
[EventDate "2019.06.14"]
[EventType "swiss"]
[EventRounds "5"]
[EventCountry "CAN"]

1. e4 d5 2. exd5 Qxd5 3. Nc3 Qa5 4. d4 Nf6 5. Bc4 Bg4 6. Nge2 Nbd7 7. Bd2 c5 8.
f3 Bf5 9. Ng3 Bg6 10. Qe2 cxd4 11. Nb5 Qb6 12. Bf4 d3 13. cxd3 Nd5 14. Nd6+ Kd8
15. Bxd5 Qa5+ 16. Kf2 Qxd5 17. Nde4 e5 18. Be3 Bb4 19. a3 Ba5 20. b4 Bb6 21.
Rhd1 Bxe3+ 22. Qxe3 f5 23. Qg5+ Ke8 24. Nxf5 Bxf5 25. Qxf5 Qd4+ 26. Kf1 Rc8 27.
Nc5 Rf8 28. Qe6+ Kd8 29. Nxb7+ Kc7 30. Nd6 Kb8 31. Qxd7 Rc7 32. Qxc7+ 1-0

[Event "Eastern Ontario op"]
[Site "Ottawa CAN"]
[Date "2019.06.15"]
[Round "2.1"]
[White "Sambuev, Bator"]
[Black "Dunne, Francesco"]
[Result "1-0"]
[WhiteElo "2566"]
[BlackElo "2205"]
[PlyCount "55"]
[EventDate "2019.06.14"]
[EventType "swiss"]
[EventRounds "5"]
[EventCountry "CAN"]

1. Nf3 Nf6 2. c4 e6 3. Nc3 d5 4. d4 Bb4 5. g3 O-O 6. Bg2 dxc4 7. O-O Nc6 8. a3
Be7 9. e4 Rb8 10. Be3 b5 11. d5 exd5 12. exd5 Na5 13. Bxa7 Rb7 14. Be3 Nb3 15.
Ra2 Bg4 16. Qc2 Bxf3 17. Bxf3 Bd6 18. Ne2 Nd7 19. a4 Qa8 20. Nd4 Ndc5 21. Nc6
Re8 22. a5 Na6 23. Qf5 b4 24. Rd1 Nbc5 25. Rd4 b3 26. Ra1 Nd3 27. Rxc4 Nxb2 28.
Rh4 1-0

[Event "Eastern Ontario op"]
[Site "Ottawa CAN"]
[Date "2019.06.15"]
[Round "2.3"]
[White "Saha, Ananda"]
[Black "Adriaanse, Adam"]
[Result "1-0"]
[WhiteElo "2260"]
[BlackElo "2211"]
[PlyCount "75"]
[EventDate "2019.06.14"]
[EventType "swiss"]
[EventRounds "5"]
[EventCountry "CAN"]

1. Nf3 c5 2. g3 Nc6 3. Bg2 g6 4. O-O Bg7 5. c4 e5 6. Nc3 Nge7 7. d3 O-O 8. e4
d6 9. Nd5 f5 10. exf5 Bxf5 11. Nh4 Be6 12. Bg5 Qd7 13. Nxe7+ Nxe7 14. Qd2 Nc6
15. Be3 Nd4 16. Bxd4 exd4 17. b4 d5 18. cxd5 Bxd5 19. bxc5 Bf6 20. Bxd5+ Qxd5
21. Ng2 Qxc5 22. Rac1 Qd6 23. Qb2 b6 24. Rc2 Rac8 25. Rfc1 Rc3 26. Rd1 Rfc8 27.
Re2 Qa3 28. Qb5 Qd6 29. Re8+ Kf7 30. Rxc8 Rxc8 31. Re1 Kg7 32. Nf4 Rc5 33. Qe8
Re5 34. Ne6+ Kh6 35. Rxe5 Bxe5 36. Nd8 Kg7 37. Nf7 Qb8 38. Qxe5+ 1-0

[Event "Eastern Ontario op"]
[Site "Ottawa CAN"]
[Date "2019.06.15"]
[Round "2.4"]
[White "Miller, Rachel"]
[Black "Pace, Christopher"]
[Result "1-0"]
[WhiteElo "2111"]
[BlackElo "2222"]
[PlyCount "159"]
[EventDate "2019.06.14"]
[EventType "swiss"]
[EventRounds "5"]
[EventCountry "CAN"]

1. e4 g6 2. Nc3 Bg7 3. d4 d6 4. Be3 a6 5. Qd2 b5 6. Bd3 Nd7 7. Nf3 Bb7 8. Ne2
c5 9. c3 Ngf6 10. Ng3 Ng4 11. O-O Nxe3 12. fxe3 O-O 13. Rf2 Bh6 14. Qe2 Qb6 15.
Re1 Rae8 16. Nd2 Bg7 17. Ngf1 e5 18. d5 c4 19. Bb1 Nc5 20. g4 Qd8 21. Ng3 Bc8
22. h3 Qd7 23. Rh2 Bf6 24. Kh1 Bh4 25. Rg1 Qe7 26. Ngf1 h6 27. Nf3 Kg7 28. Nxh4
Qxh4 29. Nd2 Rh8 30. Nf3 Qe7 31. Ne1 Reg8 32. Bc2 Kf8 33. b4 Nb7 34. a4 h5 35.
g5 h4 36. a5 Rh5 37. Nf3 Kg7 38. Bd1 Nd8 39. Qf1 Rf8 40. Qg2 Rhh8 41. Ne1 Qa7
42. Qd2 f5 43. gxf6+ Rxf6 44. Nf3 Nf7 45. Be2 Bd7 46. Bd1 Rh6 47. Be2 Be8 48.
Bd1 Bd7 49. Qe1 Rh5 50. Nxh4 Rxh4 51. Qxh4 Qxe3 52. Rhg2 Qxc3 53. Bh5 Nh8 54.
Bxg6 Qxh3+ 55. Qxh3 Bxh3 56. Rg3 Nxg6 57. Rxh3 Rf4 58. Rhg3 Rh4+ 59. Kg2 Kf6
60. Kf3 Nf4 61. Rg7 Rh3+ 62. R1g3 Rxg3+ 63. Rxg3 Nd3 64. Ke3 Nxb4 65. Rg8 Nc2+
66. Kd2 Nd4 67. Rd8 Ke7 68. Ra8 Nb3+ 69. Kc3 Nc5 70. Rb8 Nxe4+ 71. Kc2 Nc5 72.
Rh8 b4 73. Rh7+ Kf6 74. Rh6+ Kf5 75. Rxd6 b3+ 76. Kd1 Ke4 77. Rxa6 Nxa6 78. d6
c3 79. d7 c2+ 80. Kd2 1-0

[Event "Eastern Ontario op"]
[Site "Ottawa CAN"]
[Date "2019.06.15"]
[Round "2.5"]
[White "Yao, Houji"]
[Black "Ning, Alwin"]
[Result "1-0"]
[WhiteElo "2231"]
[BlackElo "2005"]
[PlyCount "63"]
[EventDate "2019.06.14"]
[EventType "swiss"]
[EventRounds "5"]
[EventCountry "CAN"]

1. e4 e5 2. Nf3 Nc6 3. Bb5 a6 4. Ba4 Nf6 5. O-O b5 6. Bb3 Be7 7. d3 d6 8. a3
O-O 9. Nc3 Bg4 10. Be3 Qd7 11. h3 Bh5 12. Nd5 Na5 13. Ba2 Nxd5 14. Bxd5 c6 15.
Ba2 Bg6 16. b4 Nb7 17. c3 Bf6 18. Qc2 d5 19. Bb3 Rac8 20. Rfe1 dxe4 21. dxe4 c5
22. Red1 Qc7 23. Bd5 c4 24. a4 Ra8 25. Ra2 Rfd8 26. Nh2 Be7 27. f3 Kf8 28. Qf2
Bd6 29. Bb6 Qe7 30. axb5 axb5 31. Rxa8 Rxa8 32. Bxb7 1-0

[Event "Eastern Ontario op"]
[Site "Ottawa CAN"]
[Date "2019.06.15"]
[Round "2.6"]
[White "Labib, Daniel"]
[Black "Zhong, Kevin"]
[Result "0-1"]
[WhiteElo "1799"]
[BlackElo "2220"]
[PlyCount "80"]
[EventDate "2019.06.14"]
[EventType "swiss"]
[EventRounds "5"]
[EventCountry "CAN"]

1. e4 c5 2. Nf3 Nc6 3. d4 cxd4 4. Nxd4 Nf6 5. Nc3 d6 6. Bg5 e6 7. Qd2 a6 8.
O-O-O Bd7 9. f4 Be7 10. Be2 h6 11. Bh4 Rc8 12. g4 b5 13. Bxf6 Bxf6 14. Ndxb5
axb5 15. Nxb5 Be7 16. Nxd6+ Bxd6 17. Qxd6 Qc7 18. Bb5 Qxd6 19. Rxd6 Ke7 20.
Rhd1 Rhd8 21. a4 e5 22. fxe5 Nxe5 23. R1d5 f6 24. Bxd7 Rxd7 25. Rxd7+ Nxd7 26.
b4 Rc4 27. Rb5 Kd6 28. Kd2 Rxe4 29. h3 Kc6 30. Kd3 Rf4 31. Ke3 g5 32. c3 h5 33.
Rf5 Rxf5 34. gxf5 Kd5 35. Kd3 Ne5+ 36. Kd2 Kc4 37. b5 Nd7 38. Kc2 h4 39. Kd2 g4
40. Ke3 g3 0-1

[Event "Eastern Ontario op"]
[Site "Ottawa CAN"]
[Date "2019.06.15"]
[Round "2.7"]
[White "Kuttner, Simon"]
[Black "Demchenko, Svitlana"]
[Result "1/2-1/2"]
[WhiteElo "1992"]
[BlackElo "2318"]
[PlyCount "113"]
[EventDate "2019.06.14"]
[EventType "swiss"]
[EventRounds "5"]
[EventCountry "CAN"]

1. e4 c5 2. Nc3 Nc6 3. g3 g6 4. Bg2 Bg7 5. d3 d6 6. Be3 e6 7. f4 Nge7 8. Nf3
O-O 9. O-O Nd4 10. e5 Bd7 11. exd6 Nef5 12. Bf2 Nxd6 13. Nxd4 cxd4 14. Ne2 Qb6
15. Rb1 Bc6 16. Bxc6 bxc6 17. c3 c5 18. b4 Nb5 19. bxc5 Qxc5 20. c4 Nc7 21. Nc1
e5 22. Nb3 Qd6 23. fxe5 Bxe5 24. Qf3 Ne6 25. Be1 Ng5 26. Qg2 f5 27. Nd2 Rab8
28. Bf2 f4 29. gxf4 Bxf4 30. Rxb8 Rxb8 31. Nb3 Bxh2+ 32. Kh1 Bf4 33. Nxd4 Rb2
34. Nf3 Qxd3 35. Nxg5 Bxg5 36. Qa8+ Bd8 37. Kg1 Re2 38. Qxa7 Re5 39. Re1 Rg5+
40. Kh2 Rh5+ 41. Kg1 Rg5+ 42. Kh2 Rh5+ 43. Kg1 Rg5+ 44. Kh2 Qd6+ 45. Kh3 Rh5+
46. Kg4 Bc7 47. Qa8+ Kg7 48. Qe4 Re5 49. Qxe5+ Qxe5 50. Rxe5 Bxe5 51. Bb6 Kf6
52. a4 Ke6 53. a5 Kd7 54. a6 Kc6 55. a7 Kb7 56. c5 h5+ 57. Kh3 1/2-1/2

[Event "Eastern Ontario op"]
[Site "Ottawa CAN"]
[Date "2019.06.15"]
[Round "2.9"]
[White "Molnar, Jozsef"]
[Black "Pace, Anthony"]
[Result "1-0"]
[WhiteElo "2106"]
[BlackElo "1941"]
[PlyCount "35"]
[EventDate "2019.06.14"]
[EventType "swiss"]
[EventRounds "5"]
[EventCountry "CAN"]

1. e4 g6 2. d4 d6 3. Nc3 Bg7 4. Be3 Nf6 5. f3 O-O 6. Qd2 Re8 7. Bh6 Bh8 8. h4
Nbd7 9. h5 c5 10. hxg6 hxg6 11. dxc5 Nxc5 12. O-O-O a6 13. e5 Nfd7 14. exd6
exd6 15. Qxd6 Bxc3 16. bxc3 Qa5 17. Bc4 Ne5 18. Qf6 1-0

[Event "Eastern Ontario op"]
[Site "Ottawa CAN"]
[Date "2019.06.15"]
[Round "3.1"]
[White "Saha, Ananda"]
[Black "Sambuev, Bator"]
[Result "0-1"]
[WhiteElo "2260"]
[BlackElo "2566"]
[PlyCount "62"]
[EventDate "2019.06.14"]
[EventType "swiss"]
[EventRounds "5"]
[EventCountry "CAN"]

1. d4 d5 2. c4 e6 3. Nc3 Nf6 4. cxd5 exd5 5. Bg5 Be7 6. e3 c6 7. Qc2 Nbd7 8.
Bd3 h6 9. Bh4 Nh5 10. Bxe7 Qxe7 11. Nge2 Nb6 12. O-O O-O 13. a3 Bg4 14. b4 a6
15. Ng3 Nxg3 16. hxg3 g6 17. a4 Kg7 18. Qb2 h5 19. a5 Nd7 20. e4 h4 21. Rae1
Rae8 22. Be2 Bxe2 23. Rxe2 hxg3 24. fxg3 Qg5 25. exd5 Rxe2 26. Qxe2 cxd5 27.
Rf3 Rc8 28. Qb2 Nf6 29. Ne2 Ng4 30. Nf4 Qh6 31. Rc3 Re8 0-1

[Event "Eastern Ontario op"]
[Site "Ottawa CAN"]
[Date "2019.06.15"]
[Round "3.4"]
[White "Pace, Christopher"]
[Black "Molnar, Jozsef"]
[Result "1-0"]
[WhiteElo "2222"]
[BlackElo "2106"]
[PlyCount "95"]
[EventDate "2019.06.14"]
[EventType "swiss"]
[EventRounds "5"]
[EventCountry "CAN"]

1. e4 c5 2. Nf3 Nc6 3. Bb5 g6 4. Bxc6 bxc6 5. O-O Nf6 6. e5 Nd5 7. Nc3 Bg7 8.
Ne4 Qb6 9. c4 Nc7 10. b3 d5 11. Nc3 O-O 12. Na4 Qa5 13. d4 cxd4 14. Nxd4 Qa6
15. Bb2 dxc4 16. Rc1 Rd8 17. Qf3 Ne6 18. Rxc4 Nxd4 19. Bxd4 Be6 20. Rxc6 Qa5
21. Rc5 Qd2 22. Bb2 Rac8 23. Rxc8 Rxc8 24. Rd1 Qg5 25. Qe2 Bf5 26. Nc3 Bg4 27.
f3 Qxe5 28. Qf2 Be6 29. Nd5 Qxb2 30. Nxe7+ Kf8 31. Nxc8 Qxf2+ 32. Kxf2 Bxc8 33.
Rd8+ Ke7 34. Rxc8 Bd4+ 35. Ke2 Kd7 36. Rc4 Bb6 37. b4 Kd6 38. a4 h5 39. a5 Bg1
40. b5 g5 41. Kd3 Kd5 42. Rc1 Bf2 43. Rc2 Bg1 44. Rc7 f6 45. Rxa7 Bxa7 46. b6
Bb8 47. a6 Kc6 48. a7 1-0

[Event "Eastern Ontario op"]
[Site "Ottawa CAN"]
[Date "2019.06.15"]
[Round "3.5"]
[White "Dunne, Francesco"]
[Black "Kuttner, Simon"]
[Result "1-0"]
[WhiteElo "2205"]
[BlackElo "1992"]
[PlyCount "115"]
[EventDate "2019.06.14"]
[EventType "swiss"]
[EventRounds "5"]
[EventCountry "CAN"]

1. e4 c5 2. Nf3 Nc6 3. d4 cxd4 4. Nxd4 g6 5. c4 Nf6 6. Nc3 Bg7 7. Be3 O-O 8.
Be2 d6 9. O-O Bd7 10. Nc2 Ne8 11. Qd2 f5 12. Bh6 Bxh6 13. Qxh6 Qa5 14. Rad1 Qe5
15. exf5 Bxf5 16. Bd3 Qg7 17. Qxg7+ Kxg7 18. Bxf5 Rxf5 19. Rfe1 Re5 20. Ne3 Rc8
21. f4 Re6 22. Nf5+ Kf6 23. Nd5+ Kxf5 24. g4+ Kxg4 25. Rxe6 Nc7 26. Re4 Kf5 27.
Rxe7 Nxd5 28. Rxd5+ Kxf4 29. Rxb7 Ne5 30. b3 h5 31. Rxd6 Re8 32. Kg2 Ke3 33.
Rf6 a6 34. Rbb6 Rd8 35. Rbd6 Rg8 36. c5 g5 37. c6 Rg7 38. Rfe6 Kf4 39. b4 h4
40. Rf6+ Ke4 41. a4 g4 42. b5 axb5 43. axb5 g3 44. h3 Ra7 45. Rd2 Nc4 46. Re6+
Kf5 47. Ree2 Nb6 48. Ra2 Rf7 49. Rac2 Rc7 50. Rc5+ Kg6 51. Rce5 Nc8 52. R2e4
Ra7 53. Rxh4 Ra2+ 54. Kxg3 Ra3+ 55. Kf2 Ra2+ 56. Re2 Ra5 57. Rb4 Nb6 58. c7 1-0

[Event "Eastern Ontario op"]
[Site "Ottawa CAN"]
[Date "2019.06.15"]
[Round "3.6"]
[White "Ning, Alwin"]
[Black "Simic, Dusan"]
[Result "1-0"]
[WhiteElo "2005"]
[BlackElo "2148"]
[PlyCount "91"]
[EventDate "2019.06.14"]
[EventType "swiss"]
[EventRounds "5"]
[EventCountry "CAN"]

1. e4 e5 2. Nf3 Nf6 3. Nxe5 d6 4. Nf3 Nxe4 5. d3 Nf6 6. Be2 Be7 7. O-O Nc6 8.
Nc3 O-O 9. Re1 d5 10. d4 Ne4 11. Bb5 Nxc3 12. bxc3 Bd7 13. Rb1 Rb8 14. Bf4 a6
15. Bd3 Bg4 16. Be2 Bd6 17. Bxd6 Qxd6 18. Qd3 Ne7 19. h3 Bf5 20. Qd2 Ng6 21.
Bd3 Bxd3 22. Qxd3 Nf4 23. Qf5 g6 24. Qe5 Qxe5 25. Nxe5 Rfd8 26. a4 Kf8 27. h4
f6 28. Ng4 Rd6 29. g3 Nh5 30. Re2 Ng7 31. Kg2 b6 32. Kf3 Re8 33. Rxe8+ Nxe8 34.
Ke2 Re6+ 35. Kd3 Ke7 36. Ne3 Kd6 37. c4 dxc4+ 38. Nxc4+ Kc6 39. Ne3 Kb7 40. c4
c6 41. c5 b5 42. axb5 cxb5 43. d5 Re5 44. Kd4 Nc7 45. c6+ Kb6 46. Nc4+ 1-0

[Event "Eastern Ontario op"]
[Site "Ottawa CAN"]
[Date "2019.06.15"]
[Round "3.7"]
[White "Adriaanse, Adam"]
[Black "Collins, Chris"]
[Result "1-0"]
[WhiteElo "2211"]
[BlackElo "1977"]
[PlyCount "33"]
[EventDate "2019.06.14"]
[EventType "swiss"]
[EventRounds "5"]
[EventCountry "CAN"]

1. e4 e5 2. Nf3 Nc6 3. Bc4 Bc5 4. c3 Nf6 5. d3 a6 6. Nbd2 Ba7 7. O-O O-O 8. h3
d6 9. Bb3 Be6 10. Re1 Qd7 11. Nf1 Nh5 12. Ng5 Nf4 13. d4 h6 14. Nf3 Bxb3 15.
axb3 Qe7 16. Ne3 g6 17. Nd5 1-0

[Event "Eastern Ontario op"]
[Site "Ottawa CAN"]
[Date "2019.06.16"]
[Round "4.2"]
[White "Zhong, Kevin"]
[Black "Saha, Ananda"]
[Result "1-0"]
[WhiteElo "2220"]
[BlackElo "2260"]
[PlyCount "67"]
[EventDate "2019.06.14"]
[EventType "swiss"]
[EventRounds "5"]
[EventCountry "CAN"]

1. e4 e6 2. Nf3 d5 3. Nc3 d4 4. Ne2 c5 5. c3 Nc6 6. cxd4 Nf6 7. e5 Nd7 8. dxc5
Ndxe5 9. Nxe5 Nxe5 10. d4 Bxc5 11. Be3 Bb4+ 12. Nc3 Nc6 13. Bb5 O-O 14. O-O Ne7
15. Qb3 Bd6 16. Rfd1 a6 17. Be2 Nf5 18. Ne4 Bxh2+ 19. Kxh2 Qh4+ 20. Kg1 Qxe4
21. Bf3 Qh4 22. d5 exd5 23. Bxd5 Nxe3 24. Qxe3 a5 25. Rac1 Qh5 26. Bf3 Qg6 27.
Rc7 Bg4 28. Rxb7 Rfe8 29. Re7 Rxe7 30. Qxe7 h5 31. Be4 f5 32. Bxa8 Bxd1 33.
Qd8+ Kh7 34. Qxd1 1-0

[Event "Eastern Ontario op"]
[Site "Ottawa CAN"]
[Date "2019.06.16"]
[Round "4.3"]
[White "Adriaanse, Adam"]
[Black "Pace, Christopher"]
[Result "1-0"]
[WhiteElo "2211"]
[BlackElo "2222"]
[PlyCount "65"]
[EventDate "2019.06.14"]
[EventType "swiss"]
[EventRounds "5"]
[EventCountry "CAN"]

1. e4 d6 2. d4 g6 3. c4 Bg7 4. Nc3 Nf6 5. Be2 c5 6. d5 e6 7. Nf3 exd5 8. exd5
O-O 9. O-O Bg4 10. Be3 Re8 11. Qd2 Na6 12. Rae1 Nc7 13. h3 Bxf3 14. Bxf3 Qd7
15. Bg5 Rxe1 16. Rxe1 Re8 17. Kf1 Rxe1+ 18. Qxe1 Qf5 19. Qe3 Nfe8 20. Ne4 Qe5
21. Qd2 f5 22. Bf4 Qe7 23. Nxc5 dxc5 24. d6 Nxd6 25. Qxd6 Qxd6 26. Bxd6 Ne6 27.
Bxb7 Bf8 28. Bb8 a5 29. Bd5 Kf7 30. b3 Bg7 31. Ba7 Ke7 32. Bxe6 Kxe6 33. Bxc5
1-0

[Event "Eastern Ontario op"]
[Site "Ottawa CAN"]
[Date "2019.06.16"]
[Round "4.4"]
[White "Yao, Houji"]
[Black "Xu, Daniel"]
[Result "1-0"]
[WhiteElo "2231"]
[BlackElo "2099"]
[PlyCount "49"]
[EventDate "2019.06.14"]
[EventType "swiss"]
[EventRounds "5"]
[EventCountry "CAN"]

1. e4 c5 2. Nf3 d6 3. d4 cxd4 4. Nxd4 Nf6 5. Nc3 a6 6. Bg5 e6 7. f4 Be7 8. Qf3
Qc7 9. O-O-O Nbd7 10. f5 Ne5 11. Qh3 Nfg4 12. Bxe7 Qxe7 13. Qg3 Nf6 14. Qxg7
Rg8 15. Qh6 b5 16. Bxb5+ axb5 17. Ndxb5 Ra6 18. Rhf1 Rf8 19. Rd4 Neg4 20. Qd2
Kd7 21. h3 Ne5 22. Qf4 Ke8 23. Rfd1 Ng6 24. Qd2 e5 25. Rxd6 1-0

[Event "Eastern Ontario op"]
[Site "Ottawa CAN"]
[Date "2019.06.16"]
[Round "4.6"]
[White "Gordon, David"]
[Black "Ning, Alwin"]
[Result "1-0"]
[WhiteElo "2313"]
[BlackElo "2005"]
[PlyCount "101"]
[EventDate "2019.06.14"]
[EventType "swiss"]
[EventRounds "5"]
[EventCountry "CAN"]

1. d4 d5 2. c4 c6 3. Nf3 Nf6 4. Nc3 e6 5. Bg5 Nbd7 6. e3 Qa5 7. Nd2 dxc4 8.
Bxf6 Nxf6 9. Nxc4 Qd8 10. Be2 Be7 11. O-O O-O 12. Bf3 Rb8 13. Qe2 c5 14. Rfd1
b5 15. Ne5 Qe8 16. Bc6 Qd8 17. Bxb5 Qc7 18. Nc6 Ra8 19. Nxe7+ Qxe7 20. dxc5
Qxc5 21. Rac1 Qg5 22. f4 Qh4 23. Bc6 Rb8 24. g3 Qh3 25. Bg2 Qg4 26. Bf3 Qh3 27.
Rd2 Bb7 28. Bxb7 Rxb7 29. Qg2 Qxg2+ 30. Kxg2 Rc8 31. Ne4 Rcb8 32. Nxf6+ gxf6
33. b3 Kf8 34. Rc5 f5 35. Kf3 Ke7 36. e4 fxe4+ 37. Kxe4 Rb4+ 38. Rd4 f5+ 39.
Kd3 Rxd4+ 40. Kxd4 Kd6 41. Ra5 Rb7 42. Ra6+ Ke7 43. Kc5 Rc7+ 44. Rc6 Rd7 45. b4
h5 46. b5 Rb7 47. a4 Kd7 48. Kd4 Ke7 49. Ke5 Rd7 50. Rxe6+ Kf7 51. Ra6 1-0

[Event "Eastern Ontario op"]
[Site "Ottawa CAN"]
[Date "2019.06.16"]
[Round "4.7"]
[White "Demchenko, Svitlana"]
[Black "Han, Johnathan"]
[Result "1-0"]
[WhiteElo "2318"]
[BlackElo "1991"]
[PlyCount "103"]
[EventDate "2019.06.14"]
[EventType "swiss"]
[EventRounds "5"]
[EventCountry "CAN"]

1. e4 c5 2. Nf3 d6 3. d4 cxd4 4. Nxd4 Nf6 5. Nc3 a6 6. Be3 e6 7. g4 Be7 8. g5
Nfd7 9. Qd2 b5 10. a3 Bb7 11. f4 Nc6 12. Rg1 Rc8 13. Rg3 Na5 14. b3 Nc6 15.
Nxc6 Bxc6 16. f5 exf5 17. exf5 Ne5 18. O-O-O Qa5 19. Kb2 f6 20. Nd5 Qxd2 21.
Rxd2 Bxd5 22. Rxd5 Rc6 23. Bg2 Kd7 24. Rd1 Rc7 25. Bd5 Rb8 26. Bd2 Ke8 27. Ba5
Rc5 28. Bb4 Rc7 29. Bg8 fxg5 30. Bxd6 Bxd6 31. Rxd6 Rbc8 32. c3 Kf8 33. Be6 Nf7
34. Rxa6 Rd8 35. Kc2 h6 36. Rd3 Rxd3 37. Kxd3 Ne5+ 38. Ke4 Ng4 39. Kd5 Rxc3 40.
Ra8+ Ke7 41. Ra7+ Kf8 42. Rf7+ Ke8 43. Rxg7 Rxb3 44. Kd6 Rd3+ 45. Bd5 Nf6 46.
Ke6 Rxd5 47. Kxf6 Kf8 48. Rf7+ Ke8 49. Kg6 Rd3 50. f6 Rxa3 51. Rb7 Rf3 52. Kg7
1-0

[Event "Eastern Ontario op"]
[Site "Ottawa CAN"]
[Date "2019.06.16"]
[Round "4.9"]
[White "Molnar, Jozsef"]
[Black "Zhu, Matthew"]
[Result "1-0"]
[WhiteElo "2106"]
[BlackElo "1894"]
[PlyCount "89"]
[EventDate "2019.06.14"]
[EventType "swiss"]
[EventRounds "5"]
[EventCountry "CAN"]

1. e4 c5 2. Nf3 d6 3. Be2 Nf6 4. c3 Nc6 5. d4 cxd4 6. cxd4 e6 7. Nc3 Be7 8. O-O
O-O 9. Bf4 a6 10. d5 exd5 11. exd5 Nb8 12. a4 Bf5 13. Nd4 Bg6 14. Bd3 Qa5 15.
Nf5 Bxf5 16. Bxf5 Nbd7 17. Re1 Rfe8 18. Qd4 Qb6 19. Qd2 Nc5 20. Qd4 Ncd7 21.
Qxb6 Nxb6 22. Rad1 Nh5 23. Bc1 g6 24. Bh3 Bf6 25. Ne4 Be7 26. b3 Nf6 27. Nc3
Bf8 28. Be3 Nbd7 29. Kf1 Rac8 30. Bd4 Rxe1+ 31. Rxe1 Rc7 32. Bxd7 Nxd7 33. Re8
Nc5 34. b4 Nd3 35. Ne4 f5 36. Nxd6 Nf4 37. Be3 Nh5 38. Rb8 Nf6 39. Nxb7 Nd7 40.
d6 Rc6 41. Rd8 Ne5 42. Bh6 Nd7 43. Bxf8 Nxf8 44. d7 Kf7 45. Rxf8+ 1-0